000 00594nam a2200169 a 4500
008 120416s1977 ||||||||||||||||| || u
020 _a0901699535
050 _aLB 2331 Coc
100 _aCockburn, Barbara
245 1 0 _aPatterns and procedures
260 _aLancaster:
_bUniversity of Lancaster Press
_c1977
300 _axii, 57p.
350 _a0.00
650 0 _aCOLLEGE TEACHING
650 _aFORUMS (DISCUSSION AND DEBATE)
995 _D0.00
_FCBU-MAIN LIBRARY (Kitwe)
_H1
_I78170.00
_M1
_UAVAILABLE
_ZMain Library Open Access Collection
999 _c53210
_d53210